| 000 | 00662nam a2200229 a 4500 | ||
|---|---|---|---|
| 001 | BRL_74 | ||
| 005 | 20190320210557.0 | ||
| 008 | 751204s1990####mx-a######---f000-0#spa-u | ||
| 020 | _a9682930073 | ||
| 041 | _aspa | ||
| 044 | _amx | ||
| 050 | 4 |
_aQ180 _b.P74 1990 |
|
| 245 | 1 | 0 | _aPremio Nacional de Ciencias y Artes, 1989. |
| 260 |
_aMéxico _bConsejo del Premio Nacional de Ciencias y Arte : SEP _c1990 |
||
| 300 |
_a226 p. _bil. _c22 cm. |
||
| 500 | _aEj.1 Au128, Ej.2 Au133 | ||
| 500 | _aLa biblioteca cuenta con 2 ejemplares | ||
| 650 | 1 | 4 |
_aCiencia _xPremios _zMéxico _922837 |
| 650 | 1 | 4 |
_aArte _xPremios _zMéxico _922838 |
| 902 | _aGRL | ||
| 942 |
_2lcc _cB |
||
| 999 |
_c8887 _d8887 |
||